Państwa z największą liczbą Starbucksów - Statystyki

Ogólne statystyki
  • Ten quiz został rozwiązany 5 210 razy
    4 802 od ostatniego zresetowania
  • Średni wynik to 10 z 15
Statystyki odpowiedzi
Liczba placówek Państwo % Poprawnych
15 952 Stany Zjednoczone
100%
2 359 Kanada
95%
6 147 Chiny
89%
1 214 Wielka Brytania
88%
1 415 Japonia
86%
531 Meksyk
86%
270 Indie
74%
1 080 Korea Południowa
69%
500 Indonezja
56%
410 Tajlandia
49%
663 Turcja
47%
401 Filipiny
38%
327 Malezja
38%
351 Arabia Saudyjska
33%
550 Tajwan
30%
Nie znaleziono quizów pasujących do podanych kryteriów
Rozkład punktacji
Procent ludzi z każdym wynikiem
Percentyl według liczby udzielonych odpowiedzi
Twoja historia wyników
Nie rozwiązałeś tego quizu od ostatniego zresetowania